Worlds Tallest Skyscrapers 2013 - Statistics

General Stats
  • This quiz has been taken 123 times
  • The average score is 4 of 20
Answer Stats
CIty Answer % Correct
Dubai Burj Khalifa
90%
Taipei Taipei 101
77%
Kuala Lumpur Petronas Towers
63%
Chicago Willis Tower
62%
New York City Empire State Building
57%
Shanghai Jin Mao Tower
15%
Dubai Princess Tower
15%
Shanghai Shanghai World Financial Center
15%
Hong Kong International Commerce Center
14%
Mecca Makkah Royal Clock Tower Hotel
11%
Kuwait City Al Hamra Tower
4%
Shenzhen KK100
4%
Guangzhou CITIC Plaza
2%
Hong Kong Two International Finance Center
2%
Nanjing Nanjing Greenland Financial Complex
1%
Dubai 23 Marina
0%
Dubai Elite Residence
0%
Guangzhou Guangzhou Internatioal Finance Center
0%
Shenzhen Shun Hing Square
0%
Chicago Trump International Hotel & Tower
0%
No matching quizzes found
Score Distribution
Percent of People with Each Score
Percentile by Number Answered
Your Score History
You have not taken this quiz